[Event "Jatai Goiania-ch"]
[Site "Jatai"]
[Date "2021.06.05"]
[Round "4"]
[White "Rocha, Arthur Ferreira"]
[Black "Paz, Paulo Sergio"]
[Result "1-0"]
[WhiteElo "1922"]
[BlackElo "1894"]
[PlyCount "103"]
[EventDate "2021.06.04"]
[EventType "swiss"]
[EventRounds "6"]
[EventCountry "BRA"]
[SourceTitle "CBM 202 Extra"]
[Source "ChessBase"]
[SourceDate "2021.07.31"]
[SourceVersion "1"]
[SourceVersionDate "2021.07.31"]
[SourceQuality "1"]

1. e4 c5 2. Nf3 Nc6 3. d4 cxd4 4. Nxd4 d6 5. Bc4 Nf6 6. Nc3 Bd7 7. 0-0 g6 8. h3 Bg7 9. Be3 0-0 10. a3 a6 11. Qd2 Rc8 12. Ba2 Ne5 13. Qe2 b5 14. a4 b4 15. Nd5 a5 16. f4 Nc6 17. Nb5 Rb8 18. Qd3 Ne8 19. Bc1 e6 20. Ne3 Qb6 21. Kh1 Nd4 22. c4 bxc3 23. Nxc3 Nb3 24. Bxb3 Qxb3 25. f5 Bxc3 26. Ra3 Qb4 27. bxc3 Qb1 28. Nc2 exf5 29. Bh6 fxe4 30. Qe2 Qb7 31. Bxf8 Kxf8 32. Qc4 f5 33. Qd4 Be6 34. Ne3 Qb6 35. Qxe4 Ng7 36. Raa1 Qc5 37. Qd3 Nh5 38. Rf3 f4 39. Rb1 Rb3 40. Rxb3 Bxb3 41. g4 Ng3+ 42. Kh2 g5 43. h4 Qc6 44. Nf5 Bd5 45. Rxg3 fxg3+ 46. Qxg3 Be6 47. Nd4 Qd5 48. hxg5 Bc8 49. Qf4+ Ke8 50. Nb5 Ke7 51. Qf6+ Kd7 52. Qg7+ 1-0

[Event "Jatai Goiania-ch"]
[Site "Jatai"]
[Date "2021.06.05"]
[Round "3"]
[White "Santos, Abel Cardoso Dos"]
[Black "Rocha, Arthur Ferreira"]
[Result "1/2-1/2"]
[WhiteElo "1775"]
[BlackElo "1922"]
[PlyCount "96"]
[EventDate "2021.06.04"]
[EventType "swiss"]
[EventRounds "6"]
[EventCountry "BRA"]
[SourceTitle "CBM 202 Extra"]
[Source "ChessBase"]
[SourceDate "2021.07.31"]
[SourceVersion "1"]
[SourceVersionDate "2021.07.31"]
[SourceQuality "1"]

1. e4 c5 2. Nf3 Nc6 3. d4 cxd4 4. Nxd4 e5 5. Nb5 d6 6. N1c3 a6 7. Na3 Nf6 8. Bg5 Be7 9. Bxf6 Bxf6 10. Nc4 Nd4 11. Nd5 b5 12. Ncb6 Rb8 13. Nxc8 Rxc8 14. c3 Nc6 15. a4 0-0 16. axb5 axb5 17. Bxb5 Bg5 18. 0-0 Ne7 19. Nb4 f5 20. exf5 e4 21. Ra6 d5 22. Nc6 Nxc6 23. Bxc6 Rxf5 24. c4 dxc4 25. Bxe4 Qxd1 26. Rxd1 Rb5 27. Rd5 Rxd5 28. Bxd5+ Kf8 29. Ra4 Bf6 30. Bxc4 Bxb2 31. g3 Rd8 32. Kg2 Ke7 33. Ra7+ Kd6 34. Rf7 Bf6 35. h4 Rc8 36. Bd3 h6 37. Bf5 Rc5 38. Bg4 Rc2 39. Rd7+ Kc6 40. Rd3 Kc5 41. Bf5 Rb2 42. Rf3 Kd5 43. Bg6 Ke6 44. Bh5 Kd6 45. Rf5 Ke7 46. Kh3 Bd4 47. Rf7+ Ke6 48. Kg2 Bf6 1/2-1/2

[Event "Jatai Goiania-ch"]
[Site "Jatai"]
[Date "2021.06.04"]
[Round "2"]
[White "Rocha, Arthur Ferreira"]
[Black "Rezende, Uelton Fabricius Al"]
[Result "1/2-1/2"]
[WhiteElo "1922"]
[BlackElo "1761"]
[PlyCount "35"]
[EventDate "2021.06.04"]
[EventType "swiss"]
[EventRounds "6"]
[EventCountry "BRA"]
[SourceTitle "CBM 202 Extra"]
[Source "ChessBase"]
[SourceDate "2021.07.31"]
[SourceVersion "1"]
[SourceVersionDate "2021.07.31"]
[SourceQuality "1"]

1. e4 e6 2. c4 d5 3. exd5 exd5 4. d4 dxc4 5. Bxc4 Qe7+ 6. Ne2 Bg4 7. f3 Be6 8. d5 Qh4+ 9. g3 Qxc4 10. dxe6 Qxe6 11. 0-0 Bc5+ 12. Kg2 Ne7 13. Nbc3 0-0 14. Ne4 Bb6 15. Nf4 Qc4 16. b3 Qd4 17. Qe2 Qxa1 18. Qb2 1/2-1/2

[Event "Brasilia Terraviva op"]
[Site "Brasilia"]
[Date "2019.01.11"]
[Round "3"]
[White "Tsuboi, Edson Kenji"]
[Black "Rocha, Arthur Ferreira"]
[Result "1-0"]
[WhiteElo "2233"]
[BlackElo "1920"]
[PlyCount "105"]
[EventDate "2019.01.10"]
[EventType "swiss"]
[EventRounds "7"]
[EventCountry "BRA"]
[SourceTitle "CBM 188 Extra"]
[Source "ChessBase"]
[SourceDate "2019.02.26"]
[SourceVersion "1"]
[SourceVersionDate "2019.02.26"]
[SourceQuality "1"]

1. e4 d6 2. d4 Nf6 3. Nc3 g6 4. Nf3 Bg7 5. Be2 0-0 6. 0-0 Nbd7 7. e5 Ne8 8. Bf4 Nb6 9. Qc1 c6 10. Ne4 d5 11. Ng3 Nc7 12. Bh6 Bg4 13. c3 c5 14. dxc5 Nd7 15. Bxg7 Kxg7 16. Qe3 e6 17. Nd2 Bxe2 18. Nxe2 a5 19. b4 axb4 20. cxb4 Ra4 21. a3 Qa8 22. Rfb1 Nb5 23. Rb3 Qa6 24. Nd4 Nxd4 25. Qxd4 Ra8 26. Nf3 Qc4 27. Qb2 Qf4 28. Rd1 Qc4 29. h3 Qa6 30. Rdd3 Rc8 31. Rbc3 Qa7 32. Qd2 Qb8 33. Qe3 Qc7 34. Rd4 h6 35. Rd1 Qb8 36. Re1 Qa7 37. Nd4 Qa6 38. Nc2 Rc7 39. Rd1 Qa7 40. Nd4 Qa6 41. Rb1 Rc8 42. Rbb3 Ra8 43. h4 Re8 44. Qf4 Rc8 45. c6 bxc6 46. Rxc6 Qa8 47. Rbc3 Rxa3 48. Rxc8 Qa4 49. Rh8 g5 50. Rcc8 Qd1+ 51. Kh2 f5 52. Nxf5+ exf5 53. Qxf5 1-0

[Event "BRA-ch Universities"]
[Site "Vitoria"]
[Date "2018.06.09"]
[Round "6"]
[White "Rocha, Arthur Ferreira"]
[Black "Da Silva, Francisco Iran Sant"]
[Result "1-0"]
[WhiteElo "1929"]
[BlackElo "1824"]
[PlyCount "87"]
[EventDate "2018.06.06"]
[EventType "swiss"]
[EventRounds "7"]
[EventCountry "BRA"]
[SourceTitle "EXT 2019"]
[Source "ChessBase"]
[SourceDate "2018.10.10"]
[SourceVersion "1"]
[SourceVersionDate "2018.10.10"]
[SourceQuality "1"]

1. e4 e6 2. Nf3 d5 3. exd5 exd5 4. d4 Bd6 5. c4 c6 6. Nc3 Ne7 7. Bg5 f6 8. Bh4 Bf5 9. Qb3 Qd7 10. cxd5 cxd5 11. Bb5 Nbc6 12. 0-0 0-0 13. Rfe1 Kh8 14. Na4 b6 15. Rac1 Rac8 16. Rc3 Rc7 17. Rec1 Be4 18. Qd1 Bf4 19. Nd2 Rfc8 20. Bg3 Bxg3 21. hxg3 Bg6 22. Ba6 Rd8 23. Nf3 Qd6 24. a3 Rdd7 25. b4 Nb8 26. Bd3 Rxc3 27. Nxc3 Rc7 28. Bxg6 hxg6 29. Nh4 a6 30. Nxg6+ Nxg6 31. Qh5+ Kg8 32. Qxg6 Rc8 33. Re1 Kf8 34. Qh5 Qd7 35. Nxd5 Rd8 36. Nf4 Kg8 37. d5 a5 38. bxa5 bxa5 39. Re6 Qb5 40. Re7 Qb1+ 41. Kh2 Qh7 42. Rxg7+ Qxg7 43. Ne6 Rxd5 44. Qe8+ 1-0

[Event "BRA-ch Universities"]
[Site "Vitoria"]
[Date "2018.06.08"]
[Round "5"]
[White "Rocha, Arthur Ferreira"]
[Black "Da Silva Araujo, Gabriel Victor"]
[Result "1/2-1/2"]
[WhiteElo "1929"]
[BlackElo "1977"]
[PlyCount "70"]
[EventDate "2018.06.06"]
[EventType "swiss"]
[EventRounds "7"]
[EventCountry "BRA"]
[SourceTitle "EXT 2019"]
[Source "ChessBase"]
[SourceDate "2018.10.10"]
[SourceVersion "1"]
[SourceVersionDate "2018.10.10"]
[SourceQuality "1"]

1. e4 c5 2. Nf3 Nc6 3. d4 cxd4 4. Nxd4 g6 5. c4 Bg7 6. Be3 Nf6 7. Nc3 0-0 8. Be2 d6 9. 0-0 Bd7 10. f4 Nxd4 11. Bxd4 Bc6 12. Bf3 a5 13. Qd2 Nd7 14. Bxg7 Kxg7 15. Qd4+ Kg8 16. Nd5 Bxd5 17. cxd5 Qb6 18. Qxb6 Nxb6 19. Rac1 Rfc8 20. Bg4 Rxc1 21. Rxc1 h5 22. Bh3 Kf8 23. Rc7 Rb8 24. b3 Ke8 25. Kf2 Rd8 26. Rc2 Na8 27. Ke3 Nc7 28. g3 Na6 29. Kd4 Nc5 30. e5 b5 31. Rxc5 dxc5+ 32. Kxc5 b4 33. Kc6 f5 34. exf6 exf6 35. Be6 Ke7 1/2-1/2

[Event "Florianopolis op 3rd"]
[Site "Florianopolis"]
[Date "2017.01.24"]
[Round "7"]
[White "Rocha, Arthur Ferreira"]
[Black "Alberton, Kelvin Schmoeller"]
[Result "0-1"]
[WhiteElo "1959"]
[BlackElo "1807"]
[PlyCount "72"]
[EventDate "2017.01.20"]
[EventType "swiss"]
[EventRounds "10"]
[EventCountry "BRA"]
[SourceTitle "EXT 2018"]
[Source "ChessBase"]
[SourceDate "2017.10.13"]
[SourceVersion "1"]
[SourceVersionDate "2017.10.13"]
[SourceQuality "1"]

1. e4 c5 2. Nf3 d6 3. d4 cxd4 4. Nxd4 Nf6 5. Nc3 a6 6. f4 g6 7. e5 dxe5 8. fxe5 Bg4 9. Be2 Bxe2 10. Qxe2 Qxd4 11. exf6 Qxf6 12. Rf1 Qc6 13. Bg5 Nd7 14. 0-0-0 f6 15. Nd5 0-0-0 16. Be3 e5 17. Nxf6 Nxf6 18. Rxd8+ Kxd8 19. Bg5 Be7 20. Qxe5 Rf8 21. Rd1+ Ke8 22. Re1 Rf7 23. Bxf6 Qxf6 24. Qb8+ Kd7 25. Qxb7+ Kd8 26. Rd1+ Ke8 27. Qc8+ Bd8 28. Kb1 Rc7 29. Qa8 Rd7 30. Qe4+ Re7 31. Qa4+ Kf7 32. Qc4+ Kg7 33. a3 Bc7 34. h4 Be5 35. Rd8 Bxb2 36. g4 Re1+ 0-1

[Event "Florianopolis op 3rd"]
[Site "Florianopolis"]
[Date "2017.01.20"]
[Round "1"]
[White "Gomes, Carlos Henrique Cal"]
[Black "Rocha, Arthur Ferreira"]
[Result "1-0"]
[WhiteElo "1832"]
[BlackElo "1959"]
[PlyCount "77"]
[EventDate "2017.01.20"]
[EventType "swiss"]
[EventRounds "10"]
[EventCountry "BRA"]
[SourceTitle "CBM 176 Extra"]
[Source "ChessBase"]
[SourceDate "2017.03.02"]
[SourceVersion "1"]
[SourceVersionDate "2017.03.02"]
[SourceQuality "1"]

1. d4 Nf6 2. c4 c5 3. d5 b5 4. cxb5 a6 5. b6 g6 6. Nc3 d6 7. e4 Bg7 8. Nf3 Nbd7 9. Be2 0-0 10. 0-0 Qxb6 11. a4 Rb8 12. a5 Qc7 13. Nd2 Rb4 14. Nc4 h5 15. Qc2 Ng4 16. Bg5 Nde5 17. Nb6 f6 18. Bd2 f5 19. f3 Nh6 20. Nca4 Rd4 21. Bc3 Nef7 22. Bxd4 Bxd4+ 23. Kh1 f4 24. Rad1 Be5 25. b4 g5 26. bxc5 g4 27. Nxc8 Rxc8 28. Qc4 Ng5 29. c6 g3 30. h3 e6 31. Nb6 Rf8 32. Nd7 Qd8 33. dxe6 Qe7 34. Nxe5 Nxh3 35. Ng6 Qe8 36. e7+ Rf7 37. gxh3 Kh7 38. Rxd6 Qg8 39. Kg2 1-0

[Event "BRA-ch Amateur U2000"]
[Site "Sao Paulo"]
[Date "2016.05.26"]
[Round "2"]
[White "Rocha, Arthur Ferreira"]
[Black "Bonvini, Alberto Tonhati"]
[Result "1-0"]
[WhiteElo "1962"]
[BlackElo "1871"]
[PlyCount "111"]
[EventDate "2016.05.26"]
[EventType "swiss"]
[EventRounds "7"]
[EventCountry "BRA"]
[SourceTitle "EXT 2019"]
[Source "ChessBase"]
[SourceDate "2018.10.10"]
[SourceVersion "1"]
[SourceVersionDate "2018.10.10"]
[SourceQuality "1"]

1. e4 e5 2. Nf3 Nc6 3. Bc4 Nf6 4. d4 exd4 5. e5 d5 6. Bb5 Nd7 7. 0-0 Bc5 8. Bxc6 bxc6 9. Nxd4 Bxd4 10. Qxd4 Qe7 11. Re1 Bb7 12. b4 0-0 13. Bb2 Qe6 14. Nd2 a5 15. a3 Rfe8 16. Nb3 axb4 17. axb4 Rxa1 18. Bxa1 Ra8 19. Qh4 h6 20. Nd4 Qxe5 21. Bc3 Qf6 22. Qg3 Qd6 23. Qxd6 cxd6 24. Nf5 g6 25. Nxd6 Ba6 26. Re7 Rd8 27. Nxf7 Kf8 28. Nxd8 Kxe7 29. Nxc6+ Kd6 30. Nd4 Bb7 31. Bd2 h5 32. Bf4+ Ke7 33. b5 Nb6 34. Nc6+ Kf6 35. Na5 Ba8 36. Bc7 Nc4 37. Nxc4 dxc4 38. Kf1 Ke6 39. f3 Kd5 40. c3 g5 41. Kf2 Bb7 42. Kg3 Bc8 43. h4 g4 44. Kf4 Bd7 45. b6 gxf3 46. gxf3 Bc6 47. Kg5 Ke6 48. f4 Bf3 49. Kg6 Be4+ 50. Kxh5 Kf5 51. Kh6 Kf6 52. Bd8+ Kf5 53. Kg7 Kxf4 54. h5 Ke3 55. h6 Kd3 56. Bf6 1-0

[Event "Goiania Gomes Memorial"]
[Site "Goiania"]
[Date "2015.11.28"]
[Round "1"]
[White "Rocha, Wesley Rodrigues"]
[Black "Rocha, Arthur Ferreira"]
[Result "1-0"]
[WhiteElo "1702"]
[BlackElo "1933"]
[PlyCount "87"]
[EventDate "2015.11.28"]
[EventType "tourn"]
[EventRounds "9"]
[EventCountry "BRA"]
[SourceTitle "CBM 170 Extra"]
[Source "ChessBase"]
[SourceDate "2016.02.25"]
[SourceVersion "1"]
[SourceVersionDate "2016.02.25"]
[SourceQuality "1"]

1. d4 Nf6 2. Nf3 e6 3. Bg5 d5 4. Nbd2 Be7 5. e3 Nbd7 6. Bd3 c5 7. c3 Qc7 8. Rc1 0-0 9. Bb1 b6 10. 0-0 Re8 11. Qc2 Bb7 12. Ne5 Ne4 13. Bxe7 Rxe7 14. Nxd7 Rxd7 15. f4 Rc8 16. Rf3 cxd4 17. exd4 f5 18. g3 a5 19. Qd3 Qc6 20. Qe3 b5 21. Re1 a4 22. Qe2 Qb6 23. a3 Rd6 24. Re3 Rf8 25. Nf3 Bc6 26. Ne5 Be8 27. Bd3 Nf6 28. Qg2 Bh5 29. Rf1 Rdd8 30. Rfe1 Rfe8 31. h3 Ne4 32. Rc1 Rf8 33. Rc2 Be8 34. Qf1 Rb8 35. Rg2 Qd8 36. Rh2 Qf6 37. Rf3 Kh8 38. h4 Rb7 39. Bxe4 dxe4 40. Re3 Qd8 41. h5 Qd6 42. Ng6+ hxg6 43. hxg6+ Kg8 44. Rh8+ 1-0

[Event "BRA-chB U20"]
[Site "Goiania"]
[Date "2015.10.12"]
[Round "7"]
[White "Wieth, Kelvin Eduardo"]
[Black "Rocha, Arthur Ferreira"]
[Result "1-0"]
[WhiteElo "1986"]
[BlackElo "1981"]
[PlyCount "63"]
[EventDate "2015.10.09"]
[EventType "swiss"]
[EventRounds "7"]
[EventCountry "BRA"]
[SourceTitle "CBM 168 Extra"]
[Source "ChessBase"]
[SourceDate "2015.10.29"]
[SourceVersion "1"]
[SourceVersionDate "2015.10.29"]
[SourceQuality "1"]

1. e4 c5 2. Nf3 d6 3. d4 cxd4 4. Nxd4 Nf6 5. Nc3 a6 6. h3 Qc7 7. g4 h6 8. Bg2 e6 9. Be3 Nc6 10. 0-0 Ne5 11. Nde2 b5 12. Bd4 Bb7 13. Ng3 Rd8 14. f4 Be7 15. Qe2 Nc6 16. Be3 g6 17. Qf2 Rd7 18. g5 Ng8 19. f5 Ne5 20. fxe6 fxe6 21. Bd4 d5 22. exd5 Rh7 23. Rae1 Rf7 24. Qe2 Bc5 25. Bxc5 Qxc5+ 26. Kh2 Rxf1 27. Nxf1 Nc4 28. Qxe6+ Ne7 29. gxh6 Qf2 30. h7 Qf8 31. Qg8 Nd6 32. h8Q 1-0

[Event "BRA-ch Amateur"]
[Site "Sao Paulo"]
[Date "2015.04.03"]
[Round "6"]
[White "Lunelli, Neuri Antonio"]
[Black "Rocha, Arthur Ferreira"]
[Result "0-1"]
[WhiteElo "1808"]
[BlackElo "1943"]
[PlyCount "78"]
[EventDate "2015.04.30"]
[EventType "swiss"]
[EventRounds "7"]
[EventCountry "BRA"]
[SourceTitle "EXT 2022"]
[Source "ChessBase"]
[SourceDate "2021.10.06"]
[SourceVersion "1"]
[SourceVersionDate "2021.10.06"]
[SourceQuality "1"]

1. d4 Nf6 2. e3 b6 3. Bd3 Bb7 4. Nf3 g6 5. 0-0 Bg7 6. Nbd2 d5 7. Ne5 0-0 8. f4 e6 9. c3 Ne4 10. Rf3 f5 11. Rh3 Bxe5 12. fxe5 Nc6 13. Qe1 Qe7 14. Nf3 Rf7 15. Bd2 Raf8 16. Qe2 Kg7 17. Be1 h6 18. Nh4 Ng5 19. Rg3 Kh7 20. Nxg6 Kxg6 21. h4 Rh7 22. Bd2 Rg8 23. hxg5 h5 24. e4 dxe4 25. Bxe4 Nxd4 26. cxd4 Bxe4 27. Rc1 Qd7 28. Qf2 Qd5 29. Rgc3 Rgg7 30. a4 Rd7 31. Be3 h4 32. Kh2 a5 33. Rc4 Qb7 34. Qd2 c5 35. Qf2 Bd5 36. dxc5 Bxc4 37. Rxc4 bxc5 38. Bxc5 h3 39. g3 Rd1 0-1

[Event "BRA-ch Amateur"]
[Site "Sao Paulo"]
[Date "2015.04.02"]
[Round "5"]
[White "Rocha, Arthur Ferreira"]
[Black "De Moura, Sergio Jovelino"]
[Result "0-1"]
[WhiteElo "1943"]
[BlackElo "2147"]
[PlyCount "146"]
[EventDate "2015.04.30"]
[EventType "swiss"]
[EventRounds "7"]
[EventCountry "BRA"]
[SourceTitle "EXT 2022"]
[Source "ChessBase"]
[SourceDate "2021.10.06"]
[SourceVersion "1"]
[SourceVersionDate "2021.10.06"]
[SourceQuality "1"]

1. b4 Nf6 2. Bb2 e6 3. a3 d5 4. e3 Be7 5. c4 0-0 6. Nf3 b6 7. Be2 Bb7 8. 0-0 Nbd7 9. cxd5 Nxd5 10. d3 Bf6 11. Qc2 Bxb2 12. Qxb2 c5 13. b5 a6 14. bxa6 Bxa6 15. g3 Ra7 16. e4 Nc7 17. Nbd2 Qa8 18. Rfc1 Re8 19. e5 Bb7 20. d4 Na6 21. Qb5 Bc6 22. Qd3 cxd4 23. Ng5 Nf8 24. Nge4 Nc5 25. Nxc5 bxc5 26. Nc4 Bb5 27. Bf3 Qb8 28. Qe4 Bxc4 29. Rxc4 Nd7 30. Rb1 Qxe5 31. Qc6 Qc7 32. Rxc5 Qxc6 33. Rxc6 Ne5 34. Rb3 d3 35. Be4 Nxc6 36. Bxc6 Rd8 37. Bf3 d2 38. Bd1 Ra5 39. Kf1 Re5 40. Re3 Rxe3 41. fxe3 Kf8 42. Ke2 Ke7 43. a4 Rd6 44. a5 Kd8 45. Bc2 Kc7 46. Kd1 h6 47. Ba4 f6 48. Bb5 Rd5 49. Bc4 Rxa5 50. Bxe6 Re5 51. Bg4 Rxe3 52. Kxd2 Re5 53. Be2 Kd6 54. Ke1 Kc5 55. Kf2 Kd4 56. Bf3 Kd3 57. Bg4 f5 58. Bh5 Kd2 59. h3 g5 60. Bg6 Ra5 61. Bh5 Kd3 62. Bg6 Kd4 63. Bf7 Rc5 64. Bb3 Ke5 65. Bd1 Rc3 66. Bf3 f4 67. g4 Kd4 68. Be2 Rxh3 69. Bf3 Rh2+ 70. Bg2 Rxg2+ 71. Kxg2 Ke3 72. Kh2 Kf2 73. Kh3 Kf3 0-1

[Event "Goiania Goias-ch"]
[Site "Goiania"]
[Date "2015.03.01"]
[Round "5"]
[White "Rocha, Arthur Ferreira"]
[Black "Da Silva Filho, Jair Humberto"]
[Result "0-1"]
[WhiteElo "1944"]
[BlackElo "1908"]
[PlyCount "184"]
[EventDate "2015.02.27"]
[EventType "swiss"]
[EventRounds "6"]
[EventCountry "BRA"]
[SourceTitle "CBM 165 Extra"]
[Source "ChessBase"]
[SourceDate "2015.04.21"]
[SourceVersion "1"]
[SourceVersionDate "2015.04.21"]
[SourceQuality "1"]

1. e4 e5 2. Nf3 d6 3. Bc4 c6 4. 0-0 Be7 5. d4 Nd7 6. dxe5 dxe5 7. Qe2 Ngf6 8. b3 0-0 9. Bb2 Qc7 10. h3 b5 11. Bd3 Bb7 12. Nbd2 Bc5 13. a3 Rfe8 14. b4 Bb6 15. Ne1 Nf8 16. c4 bxc4 17. Nxc4 Ng6 18. Qf3 Rad8 19. Nxb6 Qxb6 20. Rc1 a5 21. Bc3 axb4 22. Bxb4 Nf4 23. Rc3 Rd7 24. Bc5 Qa5 25. Bb4 Qd8 26. Kh2 Qc8 27. Bc4 Rd4 28. Bc5 Rxe4 29. Nd3 Ne2 30. Rc2 Nd4 31. Bxd4 exd4 32. Nc5 Qc7+ 33. g3 R4e5 34. Nxb7 Qxb7 35. Rd1 Qd7 36. Bd3 c5 37. Rb1 Rh5 38. h4 Qd6 39. Kg2 g6 40. Rcb2 Qd5 41. Rb7 Rhe5 42. a4 Qxf3+ 43. Kxf3 Nd5 44. Bc4 Rf5+ 45. Kg2 Nc3 46. Ra1 Ne4 47. Rb2 Nd6 48. Rc1 Ra8 49. Ra2 Nxc4 50. Rxc4 Rd5 51. Rd2 Kf8 52. Kf3 Rf5+ 53. Ke2 Ke7 54. f4 Kd6 55. Kf3 h5 56. Rb2 Kd5 57. Rbc2 Rc8 58. Ke2 Rf6 59. Kd3 Re6 60. Rxd4+ cxd4 61. Rxc8 Re3+ 62. Kd2 Rxg3 63. a5 Ke4 64. a6 Rg2+ 65. Ke1 Ra2 66. Ra8 Kxf4 67. a7 Kg3 68. Rd8 Rxa7 69. Rxd4 Ra1+ 70. Ke2 Ra2+ 71. Ke3 Rh2 72. Rd1 Kxh4 73. Kf3 g5 74. Rg1 g4+ 75. Kf4 Rf2+ 76. Ke3 Rf3+ 77. Ke2 f5 78. Ke1 g3 79. Ke2 Rf2+ 80. Ke3 f4+ 81. Ke4 Kg4 82. Ra1 Re2+ 83. Kd3 Re3+ 84. Kd2 h4 85. Ra8 h3 86. Rf8 h2 87. Rh8 g2 88. Rg8+ Kf3 89. Rxg2 Kxg2 90. Kc2 h1Q 91. Kb2 Qf1 92. Ka2 Qf2+ 0-1

[Event "Goiania Goias-ch"]
[Site "Goiania"]
[Date "2015.02.28"]
[Round "4"]
[White "Oliveira, Gabriel Barbosa"]
[Black "Rocha, Arthur Ferreira"]
[Result "0-1"]
[WhiteElo "1803"]
[BlackElo "1944"]
[PlyCount "46"]
[EventDate "2015.02.27"]
[EventType "swiss"]
[EventRounds "6"]
[EventCountry "BRA"]
[SourceTitle "CBM 165 Extra"]
[Source "ChessBase"]
[SourceDate "2015.04.21"]
[SourceVersion "1"]
[SourceVersionDate "2015.04.21"]
[SourceQuality "1"]

1. e4 c5 2. Nc3 Nc6 3. f4 e6 4. Nf3 d6 5. Bc4 Nf6 6. 0-0 Nxe4 7. Bxe6 Nxc3 8. Bxf7+ Kxf7 9. dxc3 h6 10. Ng5+ hxg5 11. fxg5+ Ke8 12. Qd5 Kd7 13. Rf7+ Be7 14. Bd2 Kc7 15. Re1 a6 16. Bf4 Kb6 17. b4 Re8 18. Rd1 Ka7 19. Be3 b6 20. bxc5 dxc5 21. Qf3 Ne5 22. Qxa8+ Kxa8 23. Rxd8 Bxd8 0-1

[Event "Goiania Gomes Memorial"]
[Site "Goiania"]
[Date "2014.12.06"]
[Round "6"]
[White "Rocha, Arthur Ferreira"]
[Black "De Moura, Valderi Nascimento"]
[Result "1-0"]
[WhiteElo "1979"]
[BlackElo "1705"]
[PlyCount "67"]
[EventDate "2014.11.29"]
[EventType "tourn"]
[EventRounds "9"]
[EventCountry "BRA"]
[SourceTitle "CBM 163 Extra"]
[Source "ChessBase"]
[SourceDate "2014.12.23"]
[SourceVersion "1"]
[SourceVersionDate "2014.12.23"]
[SourceQuality "1"]

1. c4 Nf6 2. Nc3 e6 3. g3 Bb4 4. Bg2 0-0 5. Qb3 Bxc3 6. Qxc3 d5 7. Nf3 c5 8. cxd5 Qxd5 9. 0-0 Nbd7 10. b3 Rb8 11. d3 b5 12. e4 Qb7 13. Bf4 b4 14. Qc2 Ra8 15. Bd6 Re8 16. Rac1 a5 17. e5 Nd5 18. Nd2 Qa6 19. Bxc5 Nxe5 20. d4 Nd3 21. Rcd1 Bb7 22. Ne4 Nxc5 23. dxc5 Rac8 24. Qd2 Rcd8 25. Qg5 h6 26. Qh4 Rd7 27. Rd4 Red8 28. Nd6 Nc3 29. Bxb7 Rxb7 30. Qxd8+ Kh7 31. Qc8 Ne2+ 32. Kg2 Nxd4 33. Qxb7 Qe2 34. Qe4+ 1-0

[Event "Goiania Gomes Memorial"]
[Site "Goiania"]
[Date "2014.12.05"]
[Round "5"]
[White "Amaro, Jose Roberto"]
[Black "Rocha, Arthur Ferreira"]
[Result "0-1"]
[WhiteElo "1856"]
[BlackElo "1979"]
[PlyCount "136"]
[EventDate "2014.11.29"]
[EventType "tourn"]
[EventRounds "9"]
[EventCountry "BRA"]
[SourceTitle "CBM 163 Extra"]
[Source "ChessBase"]
[SourceDate "2014.12.23"]
[SourceVersion "1"]
[SourceVersionDate "2014.12.23"]
[SourceQuality "1"]

1. e4 c5 2. c3 Nf6 3. e5 Nd5 4. d4 e6 5. Bc4 d6 6. Nf3 Nc6 7. 0-0 Be7 8. Bxd5 exd5 9. exd6 Qxd6 10. Re1 0-0 11. b3 b6 12. h3 Bf6 13. Be3 Bf5 14. Na3 cxd4 15. Nb5 Qd7 16. Nbxd4 Ne7 17. Qd2 h6 18. Rad1 Rfd8 19. Bf4 Be4 20. Ne5 Bxe5 21. Bxe5 Nc6 22. Bg3 Nxd4 23. Qxd4 Bf5 24. Be5 f6 25. Bg3 Rac8 26. Re3 Qf7 27. Rde1 Rd7 28. Qd2 d4 29. cxd4 Rc2 30. Re8+ Kh7 31. Qf4 Kg6 32. R8e2 Rxe2 33. Rxe2 Qd5 34. Rd2 Qe4 35. Qxe4 Bxe4 36. f3 Bb7 37. Kf2 Kf5 38. Ke3 Ke6 39. Kd3 Kd5 40. a4 a5 41. Kc3 Re7 42. Bf2 Ba6 43. g3 Bf1 44. h4 Be2 45. f4 Ba6 46. b4 Rc7+ 47. Kb3 Rc4 48. b5 Bc8 49. Re2 Be6 50. f5 Bxf5 51. Re8 Bc2+ 52. Kb2 Bxa4 53. Rd8+ Ke4 54. d5 Rc2+ 55. Ka3 Rxf2 56. Kxa4 Rd2 57. d6 Rd4+ 58. Kb3 Ke5 59. d7 Kd6 60. Rg8 Kxd7 61. Rxg7+ Ke6 62. Rg6 Rb4+ 63. Kc3 h5 64. Rg7 Rxb5 65. g4 hxg4 66. Rxg4 Rb4 67. Rxb4 axb4+ 68. Kxb4 Kf5 0-1

[Event "Goiania Gomes Memorial"]
[Site "Goiania"]
[Date "2014.11.29"]
[Round "2"]
[White "Rocha, Arthur Ferreira"]
[Black "Garcia, Gabriel Gonzaga"]
[Result "0-1"]
[WhiteElo "1979"]
[BlackElo "2042"]
[PlyCount "52"]
[EventDate "2014.11.29"]
[EventType "tourn"]
[EventRounds "9"]
[EventCountry "BRA"]
[SourceTitle "CBM 163 Extra"]
[Source "ChessBase"]
[SourceDate "2014.12.23"]
[SourceVersion "1"]
[SourceVersionDate "2014.12.23"]
[SourceQuality "1"]

1. e4 c6 2. d4 d5 3. Nd2 dxe4 4. Nxe4 Nf6 5. Nxf6+ exf6 6. Nf3 Bd6 7. Bd3 0-0 8. 0-0 Bg4 9. c3 Nd7 10. Qc2 Bxf3 11. gxf3 g6 12. h4 f5 13. Bg5 Be7 14. Qd2 Re8 15. Kg2 Nf6 16. Rg1 Nh5 17. Bc4 b5 18. Bb3 Bxg5 19. Qxg5 Re2 20. Qxh5 gxh5 21. Kf1+ Kf8 22. Kxe2 Qxh4 23. Rg3 Re8+ 24. Kd3 Qe7 25. Bd1 Qe1 26. Rg2 Qf1+ 0-1